Countries by Clothing #1 - Statistics

General Stats
  • This quiz has been taken 155 times
  • The average score is 11 of 15
Answer Stats
Picture Answer % Correct
Japan
100%
United Kingdom
98%
India
97%
Mexico
96%
France
94%
Austria / Germany
92%
Kenya / Tanzania
81%
Spain
77%
Vatican City
73%
South Korea
64%
Bhutan
56%
Bolivia
52%
Ukraine
49%
Namibia
18%
Cameroon
9%
No matching quizzes found
Score Distribution
Percent of People with Each Score
Percentile by Number Answered
Your Score History
You have not taken this quiz